ბათუმის შოთა რუსთაველის სახელმწიფო უნივერსიტეტის ბიბლიოთეკა

გლობალიზაცია,ეკონომიკური თეორია და საქართველო (ბიბ.ჩანაწერი № 34495)

000 -LEADER
fixed length control field 00728nam a2200229Ia 4500
001 - CONTROL NUMBER
control field 244
003 - CONTROL NUMBER IDENTIFIER
control field GE_BSU
008 - FIXED-LENGTH DATA ELEMENTS--GENERAL INFORMATION
fixed length control field 181216s||||||||xx |||||||||||||| ||und||
020 ## - INTERNATIONAL STANDARD BOOK NUMBER
International Standard Book Number 9789994087594
040 ## - CATALOGING SOURCE
Transcribing agency GE_BSU
080 ## - UNIVERSAL DECIMAL CLASSIFICATION NUMBER
Universal Decimal Classification number 339.924 + 330.1 + 316.32
100 ## - MAIN ENTRY--PERSONAL NAME
Personal name ასათიანი,როზეტა
245 ## - TITLE STATEMENT
Title გლობალიზაცია,ეკონომიკური თეორია და საქართველო
260 ## - PUBLICATION, DISTRIBUTION, ETC.
Place of publication, distribution, etc. თბილისი
260 ## - PUBLICATION, DISTRIBUTION, ETC.
Name of publisher, distributor, etc. სიახლე
260 ## - PUBLICATION, DISTRIBUTION, ETC.
Date of publication, distribution, etc. 2010
300 ## - PHYSICAL DESCRIPTION
Extent 84 გვ.
653 ## - INDEX TERM--UNCONTROLLED
Uncontrolled term გლობალიზაცია
653 ## - INDEX TERM--UNCONTROLLED
Uncontrolled term ეკონომიკური თეორია
942 ## - ADDED ENTRY ELEMENTS (KOHA)
Koha item type წიგნი
ეგზემპლარები
Withdrawn status Lost status Damaged status Not for loan Date acquired Barcode Date last seen Price effective from Koha item type Public note
        2018-12-17 572 2018-12-17 2018-12-17 წიგნი დარბაზი
        2018-12-17 573 2018-12-17 2018-12-17 წიგნი დარბაზი